000 01367namaa22003251i 4500
005 20260308113450.0
008 260124s1995 ua a|||fr|m|| 000 0 eng d
040 _aEG-GICUC
_beng
_cEG-GICUC
_dEG-GICUC
_erda
041 0 _aeng
_beng
_bara
049 _aDeposit
097 _aM.Sc
099 _aCai01.11.15.M.Sc.1995.Am.H
100 0 _aAmr Mohamed Abdel-Azim,
_epreparation.
245 1 0 _aHysteroscopic Metroplasty /
_cBy Amr Mohamed Abdel-Azim ; Supervised .Prof.Dr. Sameh Zaki Hasan , Prof.Dr. Osama Abdel-Aziz El-Shenoufi , Dr. Osama Ahmed Shawki
246 1 5 _aاصلاح التشويهات الخلقية بالرحم بمنظار الرحم الجراحى
264 0 _c1995.
300 _a204 Leaves :
_billustrations ;
_c30 cm. +
336 _2rda content
_atext
337 _2rdamedia
_aUnmediated
338 _2rdacarrier
_avolume
502 _aThesis (M.Sc.)-Cairo University, 1995
504 _aBibliography: pages 187 :204
653 0 _aHysteroscopic Metroplasty
700 0 _aSameh Zaki Hasan
_ethesis advisor.
700 0 _aOsama Abdel-Aziz El-Shenoufi
_ethesis advisor.
700 0 _a Osama Ahmed Shawki
_ethesis advisor.
900 _DDepartment of Gynecology
_FFaculty of Medicine
_UCairo University
_b1995
_cSameh Zaki Hasan
_cOsama Abdel-Aziz El-Shenoufi
_cOsama Ahmed Shawki
905 _aNagat
_eNourhan
942 _2ddc
_cTH
_e21
_n0
999 _c177979